| 000 | 00755nam a22002057a 4500 | ||
|---|---|---|---|
| 999 |
_c12625 _d12625 |
||
| 003 | AR-CdUCM | ||
| 008 | 190409b ||||| |||| 00| 0 spa d | ||
| 040 |
_aMUNICIPALIDAD PROVINCIAL DEL CUSCO _cBIBLIOTECA MUNICIPAL DEL CUSCO |
||
| 082 |
_25 ed. _a920 / _bP19 / 1947 |
||
| 100 |
_aPalau Vera, Juan _930558 |
||
| 245 | _aVidas de grandes hombres Stephenson / | ||
| 260 |
_aBarcelona : _bSeix y barral hermanos, _c1947. |
||
| 300 |
_a118 páginas ; _c18 cm. |
||
| 505 | _aContenido : Su infancia -- Como Stephenson fue ascendido en su carrera -- La vida de los recién casados -- La educación de de Roberto ... | ||
| 650 |
_aBiografía _922 |
||
| 650 |
_aVida _9884 |
||
| 650 |
_aStephenson _930559 |
||
| 942 |
_2ddc _cLIBROS |
||
| 945 |
_arah _d09/04/2019 |
||